00322nam a22000977a 4500008004100000082002200041245009000063260003700153300001000190710002400200230609b xxu||||| |||| 00| 0 eng d a354.62007232bGOK a Public Accounts Committee on the Government of Kenya Accounts for the Year 2001/2002 aKenyabGovernment of Kenyac2002 a600 p bGovernment of Kenya